Gli statuti sinodali novaresi di Papiniano Della Rovere, a. 1298 / (Record n. 26142)

Dettagli MARC
000 -LEADER
fixed length control field 01152nam a2200277 i 4500
003 - CONTROL NUMBER IDENTIFIER
control field IT-RoINE
005 - DATE AND TIME OF LATEST TRANSACTION
control field 20200515100856.0
008 - FIXED-LENGTH DATA ELEMENTS--GENERAL INFORMATION
fixed length control field 910930s1971 it |||||| ||||| |||||c
040 ## - CATALOGING SOURCE
Transcribing agency IT-RoINE
Modifying agency IT-RoINE
041 #7 - LANGUAGE CODE
Language code of text/sound track or separate title ita
Source of code ISO-639-2
100 1# - MAIN ENTRY--PERSONAL NAME
Personal name Briacca, Giuseppe
9 (RLIN) 51759
245 14 - TITLE STATEMENT
Title Gli statuti sinodali novaresi di Papiniano Della Rovere, a. 1298 /
Statement of responsibility, etc Giuseppe Briacca.
260 ## - PUBLICATION, DISTRIBUTION, ETC. (IMPRINT)
Place of publication, distribution, etc Milano :
Name of publisher, distributor, etc Vita e pensiero,
Date of publication, distribution, etc 1971.
300 ## - PHYSICAL DESCRIPTION
Extent VI, 306 p. ;
Dimensions 22 cm.
336 ## - CONTENT TYPE
Source rdacontent
Content type term text
337 ## - MEDIA TYPE
Source rdamedia
Media type term unmediated
338 ## - CARRIER TYPE
Source rdacarrier
Carrier type term volume
490 1# - SERIES STATEMENT
Series statement Pubblicazioni dell'Università Cattolica del Sacro Cuore.
-- Saggi e ricerche.
-- Ser. 3.,
-- Scienze storiche ;
Volume number/sequential designation 5
500 ## - GENERAL NOTE
General note Incluye el taxto de los estatutos.
500 ## - GENERAL NOTE
General note Incluye índices.
504 ## - BIBLIOGRAPHY, ETC. NOTE
Bibliography, etc Incluye bibliografía.
600 14 - SUBJECT ADDED ENTRY--PERSONAL NAME
Personal name Della Rovere, Papiniano.
Title of a work Canones episcopales Ecclesie Novariensis
9 (RLIN) 51760
650 #4 - SUBJECT ADDED ENTRY--TOPICAL TERM
9 (RLIN) 51761
Topical term or geographic name as entry element Concilios y sínodos diocesanos
Geographic subdivision Italia
-- Novara
Chronological subdivision 1298
General subdivision Novara <Diocesi>
830 #0 - SERIES ADDED ENTRY--UNIFORM TITLE
9 (RLIN) 51741
Uniform title Pubblicazioni dell'Università cattolica del Sacro Cuore.
Name of part/section of a work Saggi e ricerche.
Number of part/section of a work Serie terza,
Name of part/section of a work Scienze storiche
Volume number/sequential designation 5
942 ## - ADDED ENTRY ELEMENTS (KOHA)
Item type Monografías
Dati di copia
Withdrawn status Lost status Damaged status Not for loan Home library Current library Date acquired Total Checkouts Full call number Barcode Date last seen Price effective from Koha item type
        Iglesia Nacional Española en Roma Iglesia Nacional Española en Roma 19/07/2018   HIS.ECL 235 51765 19/07/2018 19/07/2018 Monografías